000
00223 a2200097 4500
001
12787
100
_a
Syed shabbir Hussain
245
_a
History of the pakistan air force
260
_a
_b
PAF Press
_c
090
_c
9764
_d
9764
942
_a
NUST-CAE
_c
M
_c
36671
999
_c
247860
_d
247860